000 00438nam a2200169Ia 4500
008 230711s9999||||xx |||||||||||||| ||und||
020 _a978-81-8128-909-4
041 _aENG
082 _a615.19
_bLA-B
100 _aLarson, Richard S
245 0 _aMethods in molecular biology: Bioinformatics and drug discovery
250 _a1st Ed.
260 _c2006
_aNew York
_bHumana Press
300 _a444p.
650 _aPharmacy
942 _cBK
999 _c7134
_d7134